Laufey Albums by Cover - Statistics

General Stats
  • This quiz has been taken 25 times
  • The average score is 7 of 8
Answer Stats
Picture Answer % Correct
A Matter of Time
100%
Bewitched
100%
Bewitched: The Goddess Edition
95%
Everything I Know About Love
91%
A Matter of Time: The Final Hour
77%
A Night at the Symphony
73%
Typical of Me EP
73%
A Very Laufey Holiday
55%
No matching quizzes found
Score Distribution
Percent of People with Each Score
Percentile by Number Answered
Your Score History
You have not taken this quiz